00243nam a2200109Ia 4500008004100000082001300041100001400054245002300068250000800091260002600099300000800125150301s2007 xx 000 0 und d a640bSIN aSINGH, RK aATITHI DEVO BHAVAH a1ST bAMAN PUB. DELHIc2007 a282